History of western political thought. : (Record no. 594)

MARC details
000 -LEADER
fixed length control field 00506cam a2200181ua 4500
008 - FIXED-LENGTH DATA ELEMENTS--GENERAL INFORMATION
fixed length control field 110412n ii |||gr||||Z||||||eng
040 ## - CATALOGING SOURCE
Transcribing agency MAIN
082 ## - DEWEY DECIMAL CLASSIFICATION NUMBER
Classification number 320.9
245 ## - TITLE STATEMENT
Title History of western political thought. :
Remainder of title Plato to present day. /
Statement of responsibility, etc. By Suresh Chandra Pant.
250 ## - EDITION STATEMENT
Edition statement 1st.
260 ## - PUBLICATION, DISTRIBUTION, ETC.
Place of publication, distribution, etc. Lucknow.:
Name of publisher, distributor, etc. Prakashan kendra.,971.
300 ## - PHYSICAL DESCRIPTION
Extent xvi, 508 p.:
Dimensions 20 cm.
700 1# - ADDED ENTRY--PERSONAL NAME
Personal name Pant, Suresh Chandra.,
942 ## - ADDED ENTRY ELEMENTS (KOHA)
Koha item type Books
653 ## - INDEX TERM--UNCONTROLLED
Uncontrolled term Political science.
653 ## - INDEX TERM--UNCONTROLLED
Uncontrolled term Politiocal thought.
Holdings
Withdrawn status Lost status Damaged status Not for loan Home library Current library Shelving location Date acquired Total Checkouts Full call number Barcode Date last seen Copy number Price effective from Koha item type
        Central Library, Naharkatiya College Central Library, Naharkatiya College   19/09/2020   320.9 | PAN 1199 19/09/2020 1 19/09/2020 Books

Naharkatiya College © 2020. All rights reserved.

Powered By